01393nam a2200265Ia 4500952010200000952009900102999001700201008004100218020001800259050002100277082002300298100003600321245013500357250001900492260002800511300001800539500007800557505027600635519004300911650004600954650005001000700003601050700003401086942000701120 00102lcc4070a22b22d2014-09-05l0oKGF915 P47 2014p11 010970r2023-07-20t1w2014-09-05yLB 00104070a22b22d2018-07-24l0o346.06 P438m 2014p01 014639r2018-07-24t1w2018-07-24yLB c93844d93844120626s2014 mx 000 0 spa d a978607440595804aKGF915bP47 2014 a346.06bP438m 20141 aPérez Chávez, Joséeautor10aManual práctico de sociedades y asociaciones civiles c/ José Pérez Chávez, Eladio Campero Guerrero, Raymundo Fol Olguín a14a. edición aMéxicob: Taxc, 2014 a270 páginas aEn portada: Incluye: Los beneficios fiscales del decreto del 26/XII/2013. aMarco Legal Ley del Impuesto sobre la renta Ley del Impuesto empresarial a tasa única Ley del Impuesto a los depósitos en efectivo Ley del Impuesto al valor agregado La participación de los trabajadores en las utilidades Tratamiento Fiscal de los socios y asociados aMaterial Complementario /d(01 014639)14aSOCIEDADES REGULARES COLECTIVASzMÉXICO24aASOCIACIONESxLEYES Y LEGISLACIÓNzMÉXICO aCampero Guerrero, Eladioeautor aFol Olguín, Raymundoeautor cLB